000 00315nam a2200121Ia 4500
008 240731s9999 xx 000 0 und d
022 _a2332-8878
245 0 _aEcosystem Health and Sustainability
260 _bTaylor & Francis
856 _uhttps://www.tandfonline.com/loi/tehs20
942 _2ddc
942 _cTFEJ
999 _c76346
_d76346
945 _a1
_bMadushi Gamage
_c1
_dMadushi Gamage